International marketing / (Record no. 123733)

MARC details
000 -LEADER
fixed length control field 00587nam a22002057a 4500
005 - DATE AND TIME OF LATEST TRANSACTION
control field 20181218105548.0
010 ## - LCCN (DPL NO)
LC control number B-024056
020 ## - INTERNATIONAL STANDARD BOOK NUMBER
Terms of availability 65.00
International Standard Book Number 0876924909
035 ## - SYSTEM CONTROL NUMBER
System control number B-024056
037 ## - SOURCE OF ACQUISITION
Source of stock number/acquisition Cen Lib/Ret
082 ## - DEWEY DECIMAL CLASSIFICATION NUMBER
Classification number 382
Item number KIR
100 ## - MAIN ENTRY--PERSONAL NAME
Personal name Kirpalani, V.H.
245 ## - TITLE STATEMENT
Title International marketing /
Statement of responsibility, etc by V. H. Kirpalani
260 ## - PUBLICATION, DISTRIBUTION, ETC. (IMPRINT)
Place of publication, distribution, etc New Delhi
Name of publisher, distributor, etc Prentice-Hall of India
Date of publication, distribution, etc 1984
270 ## - ADDRESS
Address M-97,Connaught Circus
City New Delhi
Postal code 110001
300 ## - PHYSICAL DESCRIPTION
Extent xvii, 590p.
Dimensions 22cm(Hb)
650 ## - SUBJECT ADDED ENTRY--TOPICAL TERM
Topical term or geographic name as entry element Export marketing
650 ## - SUBJECT ADDED ENTRY--TOPICAL TERM
Topical term or geographic name as entry element Globalization
942 ## - ADDED ENTRY ELEMENTS (KOHA)
Source of classification or shelving scheme Dewey Decimal Classification
Item type English Books
Classification part 382
Call number suffix KIR
Holdings
Withdrawn status Lost status Not for loan Home library Current library Date acquired Source of acquisition Cost, normal purchase price Full call number Barcode Copy number Cost, replacement price Koha item type Public note
      Central Library Central Library 11/06/2015 Cen Lib/Ret 65.00 382 KIR B-024056 1 65.00 English Books  
Withdrawn     Central Library Central Library 06/07/2015 Cen Lib/Ret 65.00 382 KIR A-368065 2 65.00 English Books  
      Central Library Central Library 22/07/2015 Cen Lib/Ret 65.00 382 KIR A-317902 3 65.00 English Books  
Written off     Central Library Central Library 02/11/2016   65.00 382 KIR A-368064 2 65.00 English Books W/d List No. 8134/4; dtd 20.2.2017

© Delhi Public Library
Hit Counter
free hit counter